LEADER 00989nam a22002895a 4500 001 991002129359707536 008 130730s2013 enk 000 0 eng d 020 $a9780199584994 (pbk.) 035 $ab14125845-39ule_inst 040 $aDip.to Fisica$beng 082 00$a617.7$222 084 $aLC RE46 084 $a617.7 245 00$aBasic sciences for ophthalmology /$cedited by Louise Bye, Neil Modi and Miles Stanford 260 $aOxford :$bOxford University Press,$c2013 300 $a288 p. :$bill. ;$c25 cm 504 $aIncludes bibliographies 650 0$aOphthalmology 700 1 $aBye, Louise 700 1 $aModi, Neil 700 1 $aStanford, Miles 907 $a.b14125845$b28-01-14$c30-07-13 912 $a991002129359707536 945 $aLE006 617.7 BYE$g1$i2006000170888$lle006$op$pE98.47$q-$rl$s- $t0$u2$v0$w2$x0$y.i15587848$z28-01-14 996 $aBasic sciences for ophthalmology$9263149 997 $aUNISALENTO 998 $ale006$b30-07-13$cm$da $e-$feng$genk$h0$i0 LEADER 01067nam0 22002771i 450 001 UON00043438 005 20231205102156.127 010 $a08-14-31608-5 100 $a20020107d1979 |0itac50 ba 101 $aeng 102 $aUS 105 $a|||| 1|||| 200 1 $aArmenian poetry old and new$eA bilingual anthology$fAram Tolegian 210 $aDetroit$cWayne State University$d1979 215 $a379 p.$cill.$d23 cm 606 $aLetteratura armena$xPoesia$3UONC014951$2FI 620 $aUS$dDetroit (MI)$3UONL000416 686 $aCAU VI D$cCAUCASO E ARMENIA - LETTERATURA ARMENA$2A 700 1$aTOLEGIAN$bAram$3UONV027520$0648691 712 $aWayne State University Press$3UONV246825$4650 801 $aIT$bSOL$c20251024$gRICA 899 $aSIBA - SISTEMA BIBLIOTECARIO DI ATENEO$2UONSI 912 $aUON00043438 950 $aSIBA - SISTEMA BIBLIOTECARIO DI ATENEO$dSI CAU VI D 002 $eSI SA 36479 5 002 996 $aArmenian poetry old and new$91158034 997 $aUNIOR